[Event "Minsk Kupreichik Memorial op"]
[Site "Minsk"]
[Date "2019.08.17"]
[Round "10"]
[White "Stanishevskij, Aleksandr"]
[Black "Spizharny, Mikhail"]
[Result "0-1"]
[WhiteElo "1830"]
[BlackElo "2079"]
[PlyCount "146"]
[EventDate "2019.08.15"]
[EventType "swiss (rapid)"]
[EventRounds "10"]
[EventCountry "BLR"]
[SourceTitle "CBM 191 Extra"]
[Source "ChessBase"]
[SourceDate "2019.09.30"]
[SourceVersion "1"]
[SourceVersionDate "2019.09.30"]
[SourceQuality "1"]

1. e4 c5 2. Nf3 e6 3. d3 Nc6 4. g3 Nf6 5. Bg2 d5 6. Nbd2 g6 7. 0-0 Bg7 8. Re1 0-0 9. Qe2 b6 10. Nf1 e5 11. exd5 Nxd5 12. Ne3 Nxe3 13. Bxe3 Be6 14. Qd2 Re8 15. Bh6 Bh8 16. h4 Qd7 17. a3 Rad8 18. h5 c4 19. hxg6 hxg6 20. dxc4 Bxc4 21. Qxd7 Rxd7 22. Rad1 Red8 23. Rxd7 Rxd7 24. c3 f6 25. Bc1 Bg7 26. Nd2 Bd5 27. Bh3 Rd8 28. Nf1 Bf3 29. Bg2 Bxg2 30. Kxg2 Na5 31. Re4 Kf7 32. Ra4 Rd7 33. Be3 Ke6 34. Rh4 Nb7 35. Kf3 Nd6 36. Ke2 Rc7 37. Nd2 Rc8 38. Rh7 Rg8 39. Rh4 Nf5 40. Ra4 Nxe3 41. Kxe3 a5 42. Rh4 Rd8 43. Rh7 Kf7 44. Nc4 Rb8 45. Rh1 Ke6 46. Rh7 Kf7 47. Rh1 Bf8 48. Rh7+ Bg7 49. Rh1 a4 50. Rd1 Ke7 51. Ke2 b5 52. Ne3 Ke6 53. Rh1 f5 54. Rh7 Rb7 55. Rh1 Rd7 56. Rh4 e4 57. Rh7 Kf7 58. Ng2 Rd8 59. Nf4 Rh8 60. Rxh8 Bxh8 61. Nd5 Be5 62. Ne3 Ke6 63. Nc2 g5 64. Ke3 Kd5 65. Kd2 Kc4 66. Nb4 Kb3 67. Kc1 f4 68. g4 f3 69. Nd5 Bd6 70. Kb1 Bc5 71. Nc7 e3 72. Ne6 exf2 73. Nxc5+ Kc4 0-1

[Event "Minsk Kupreichik Memorial op"]
[Site "Minsk"]
[Date "2019.08.16"]
[Round "5"]
[White "Kasperovich, Mikhail"]
[Black "Stanishevskij, Aleksandr"]
[Result "1-0"]
[WhiteElo "1324"]
[BlackElo "1830"]
[PlyCount "123"]
[EventDate "2019.08.15"]
[EventType "swiss (rapid)"]
[EventRounds "10"]
[EventCountry "BLR"]
[SourceTitle "CBM 191 Extra"]
[Source "ChessBase"]
[SourceDate "2019.09.30"]
[SourceVersion "1"]
[SourceVersionDate "2019.09.30"]
[SourceQuality "1"]

1. d4 Nf6 2. Nf3 c5 3. e3 g6 4. g3 Bg7 5. Bg2 0-0 6. 0-0 d6 7. c4 Nc6 8. d5 Nb8 9. Nc3 a6 10. e4 Nbd7 11. Nh4 Rb8 12. Qe2 Qa5 13. Bd2 b5 14. Nxb5 Qb6 15. Nc3 Qxb2 16. Rab1 Qa3 17. Rxb8 Nxb8 18. Rb1 Nbd7 19. Rb3 Qa5 20. f4 Ne8 21. Nf3 Qc7 22. Na4 e5 23. fxe5 Nxe5 24. Nxe5 Bxe5 25. Bc3 Qe7 26. Bxe5 Qxe5 27. Qb2 Qg5 28. Nb6 Ng7 29. Nxc8 Rxc8 30. Rf3 Re8 31. Rf6 Qe3+ 32. Qf2 Qc1+ 33. Bf1 Rxe4 34. Rxf7 h6 35. Rf6 Kh7 36. Rxd6 Rxc4 37. Rc6 Nf5 38. d6 Rd4 39. d7 Rxd7 40. Rxc5 Qe3 41. Qxe3 Nxe3 42. Bxa6 Ra7 43. Rc6 Kg7 44. a4 Nd5 45. Bb5 Ra5 46. Kf2 Ne7 47. Ra6 Rxa6 48. Bxa6 Kf6 49. Bb5 Ke5 50. Ke3 Nd5+ 51. Kd3 g5 52. a5 Nc7 53. Bc4 Kd6 54. Kd4 Ne8 55. a6 Kc7 56. a7 Kb7 57. Ke5 Kxa7 58. Bf7 Nc7 59. Kf5 Kb6 60. Kg6 Kc5 61. Kxh6 g4 62. Kg5 1-0